علم أصول الفقه / (رقم التسجيلة. 113239)
[ عرض عادي ]
| 000 -الفاتح | |
|---|---|
| عناصر البيانات ثابتة الطول | 00731cam a2200193 i 4500 |
| 005 - تاريخ ووقت آخر معاملة | |
| حقل ضبط | 20251208120040.0 |
| 008 - عناصر البيانات ثابتة الطول | |
| عناصر البيانات ثابتة الطول | 250721s2004 le gr 000 0 ara d |
| 020 ## - الترقيم الدولي المعياري للكتب (ردمك) | |
| الترقيم الدولي المعياري للكتب (ردمك) | 9953320861 |
| 082 14 - رقم تصنيف ديوي العشري | |
| رقم التصنيف | 216.1 |
| رقم المادة | خ لا |
| 100 1# - مدخل رئيسي – اسم شخصي | |
| الاسم الشخصي | خلاف، عبد الوهاب: |
| علاقة الشخص بالعمل/ دوره | مؤلف. |
| 245 10 - بيان العنوان | |
| العنوان | علم أصول الفقه / |
| بيان المسؤولية | تاليف عبد الوهاب خلاف ؛ اعده واعتنى به محمد ابو الخير السيد. |
| 264 31 - بيانات النشر، التوزيع…إلخ | |
| مكان النشر، التوزيع...إلخ | بيروت : |
| اسم الناشر، الموزع...إلخ | مؤسسة الرسالة ناشرون، |
| تاريخ النشر، التوزيع...إلخ | 2004. |
| 300 ## - الوصف المادي | |
| عدد الوحدات المكونة للوعاء | 208 صفحه. |
| 650 17 - مدخل إضافي بالموضوع - مصطلح موضوعي | |
| مصطلح موضوعي أو اسم جغرافي كعنصر مدخل | اصول الفقه. |
| 650 17 - مدخل إضافي بالموضوع - مصطلح موضوعي | |
| مصطلح موضوعي أو اسم جغرافي كعنصر مدخل | الفقه الاسلامي. |
| 700 1# - مدخل إضافي - اسم شخصي | |
| الاسم الشخصي | السيد، محمد أبو الخير |
| علاقة الشخص بالعمل/ دوره | اعداد. |
| 942 ## - بيانات إضافية (كوها) | |
| نوع التنصيف | Dewey Decimal Classification |
| نوع المادة (كوها) | كتب |
| حالة السحب | حالة الفقدان | مصدر التصنيف | حالة التلف | غير قابل للإعارة | المكتبة الرئيسية | المكتبة الحالية | موقع الرف | تاريخ التزويد | الرقم المتسلسل | Total Checkouts | رقم الإستدعاء | الباركود | تاريخ آخر ظهور | تاريخ الفاتورة | نوع المادة (كوها) |
|---|---|---|---|---|---|---|---|---|---|---|---|---|---|---|---|
| Dewey Decimal Classification | المكتبة المركزية | المكتبة المركزية | الإعارة | 28/07/2025 | 1209583 | 216.1 / خ لا | PLD00031369 | 28/07/2025 | 28/07/2025 | كتب | |||||
| Dewey Decimal Classification | المكتبة المركزية | المكتبة المركزية | مقتنيات قسم التزويد | 28/07/2025 | 1729599 | 216.1/خلا | 28/07/2025 | 28/07/2025 | كتب | ||||||
| Dewey Decimal Classification | مكتبة أبو علندا العامة | مكتبة أبو علندا العامة | الإعارة | 13/10/2015 | 1209593 | 216.1/خلا | PLD00355365 | 28/07/2025 | 13/10/2015 | كتب | |||||
| Dewey Decimal Classification | مكتبة أم قصير والمقابلين العامة | مكتبة أم قصير والمقابلين العامة | الإعارة | 29/07/2008 | 1209592 | 216.1/خلا | PLD00031670 | 28/07/2025 | 29/07/2008 | كتب | |||||
| Dewey Decimal Classification | مكتبة الأميرة ايمان العامة | مكتبة الأميرة ايمان العامة | الإعارة | 29/07/2008 | 1209584 | 216.1/خلا | PLD00031662 | 28/07/2025 | 29/07/2008 | كتب | |||||
| Dewey Decimal Classification | مكتبة الاميرة بديعة | مكتبة الاميرة بديعة | الإعارة | 29/07/2008 | 1209587 | 216.1/خلا | PLD00031665 | 28/07/2025 | 29/07/2008 | كتب | |||||
| Dewey Decimal Classification | مكتبة الجويدة | مكتبة الجويدة | الإعارة | 29/07/2008 | 1209588 | 216.1/خلا | PLD00031666 | 28/07/2025 | 29/07/2008 | كتب | |||||
| Dewey Decimal Classification | مكتبة الحسن العامة | مكتبة الحسن العامة | الإعارة | 29/07/2008 | 1209589 | 216.1/خلا | PLD00031667 | 28/07/2025 | 29/07/2008 | كتب | |||||
| Dewey Decimal Classification | مكتبة حمزة العامة | مكتبة حمزة العامة | الإعارة | 29/07/2008 | 1209590 | 216.1/خلا | PLD00031668 | 28/07/2025 | 29/07/2008 | كتب | |||||
| Dewey Decimal Classification | مكتبة صويلح العامة | مكتبة صويلح العامة | الإعارة | 29/07/2008 | 1209585 | 216.1/خلا | PLD00031663 | 28/07/2025 | 29/07/2008 | كتب | |||||
| Dewey Decimal Classification | مكتبة وادي السير العامة | مكتبة وادي السير العامة | الإعارة | 29/07/2008 | 1209594 | 216.1/خلا | PLD00031672 | 28/07/2025 | 29/07/2008 | كتب |